[Event "4NCL 3 North pool C"]
[Site "Crewe, ENG"]
[Date "2016.05.01"]
[Round "10.55"]
[White "Watson, Phil R"]
[Black "Jaunooby, Ali R"]
[Result "0-1"]
[WhiteElo "2181"]
[BlackElo "2170"]
[PlyCount "90"]
[EventDate "2016.05.01"]
[WhiteTeam "Bradford DCA Knights A"]
[BlackTeam "Manchester Manticores 1"]

1. d4 Nf6 2. c4 c5 3. d5 e5 4. Nc3 d6 5. e4 g6 6. Bd3 Bg7 7. Bg5 h6 8. Be3 Ng4
9. Bd2 f5 10. Qe2 O-O 11. O-O-O Nxf2 12. Qxf2 fxe4 13. Qg3 exd3 14. Qxg6 Bf5
15. Qh5 Rf6 16. Nf3 a6 17. Nh4 Bh7 18. g4 Qf8 19. g5 hxg5 20. Bxg5 Rf2 21. Rhg1
Nd7 22. Ng6 Qf7 23. Bh6 Nf6 24. Qg5 Bxg6 25. Qxg6 Qxg6 26. Rxg6 Kh7 27. Rxg7+
Kxh6 28. Rdg1 b5 29. Nd1 Rc2+ 30. Kb1 Ne4 31. Ne3 Nd2+ 32. Ka1 Rc1+ 33. Rxc1
Kxg7 34. cxb5 axb5 35. Rd1 Nc4 36. Rxd3 Rf8 37. Nd1 Rf1 38. Kb1 Rh1 39. b3 Na3+
40. Kc1 Rxh2 41. Ne3 e4 42. Rd2 Rh1+ 43. Nd1 Kf6 44. Re2 Ke5 45. Kd2 Nb1+ 0-1

[Event "4NCL 3 North pool C"]
[Site "Crewe, ENG"]
[Date "2016.05.01"]
[Round "10.56"]
[White "Mazek, Marek"]
[Black "Lang, Adam R"]
[Result "0-1"]
[WhiteElo "2147"]
[BlackElo "2159"]
[PlyCount "78"]
[EventDate "2016.05.01"]
[WhiteTeam "Manchester Manticores 1"]
[BlackTeam "Bradford DCA Knights A"]

1. e4 g6 2. d4 Bg7 3. c4 c5 4. d5 d6 5. h3 Nf6 6. Nc3 O-O 7. Bd3 e6 8. Nf3 exd5
9. cxd5 a6 10. a4 Re8 11. O-O Nbd7 12. Re1 Rb8 13. Bf4 Qc7 14. Bc4 Nh5 15. Bh2
Ne5 16. Be2 Nxf3+ 17. Bxf3 Nf6 18. e5 dxe5 19. d6 Qb6 20. Rxe5 Bd7 21. Re7 Qxb2
22. Be5 Bf5 23. Nd5 Qxe5 24. Rxe5 Rxe5 25. Ne7+ Kh8 26. Nxf5 Rxf5 27. Rb1 b5
28. axb5 axb5 29. d7 Rd8 30. Qd6 Bf8 31. Qc6 Kg7 32. Rxb5 Rxd7 33. Bg4 Rd6 34.
Qb7 Nxg4 35. hxg4 Rd1+ 36. Kh2 Bd6+ 37. g3 Rxf2+ 38. Kh3 c4 39. Rd5 Rh1# 0-1

[Event "4NCL 3 North pool C"]
[Site "Crewe, ENG"]
[Date "2016.05.01"]
[Round "10.57"]
[White "Drabble, Andrew"]
[Black "Kay, Lee P"]
[Result "1-0"]
[WhiteElo "2053"]
[BlackElo "2110"]
[PlyCount "57"]
[EventDate "2016.05.01"]
[WhiteTeam "Bradford DCA Knights A"]
[BlackTeam "Manchester Manticores 1"]

1. d4 f5 2. Nc3 d5 3. Bf4 Nf6 4. e3 e6 5. Bd3 a6 6. a3 c5 7. Nf3 Ne4 8. Bxe4
dxe4 9. Ne5 Qf6 10. h4 g6 11. Bg5 Qg7 12. dxc5 Nd7 13. Nc4 Bxc5 14. Nd6+ Bxd6
15. Qxd6 Qf7 16. h5 Rg8 17. O-O-O gxh5 18. Rxh5 Rg6 19. Qc7 Qg7 20. Qf4 h6 21.
Bxh6 e5 22. Qh4 Qf7 23. Nd5 Nf6 24. Nxf6+ Qxf6 25. Bg5 Qe6 26. Rd8+ Kf7 27.
Rh7+ Rg7 28. Rxg7+ Kxg7 29. Qh8+ 1-0

[Event "4NCL 3 North pool C"]
[Site "Crewe, ENG"]
[Date "2016.05.01"]
[Round "10.58"]
[White "Jayawarna, Nugith"]
[Black "Eagleton, Greg T"]
[Result "0-1"]
[WhiteElo "2050"]
[BlackElo "2050"]
[PlyCount "70"]
[EventDate "2016.05.01"]
[WhiteTeam "Manchester Manticores 1"]
[BlackTeam "Bradford DCA Knights A"]

1. c4 Nf6 2. Nc3 c6 3. d4 d5 4. Nf3 e6 5. cxd5 exd5 6. Qc2 Bd6 7. Bg5 O-O 8. e3
Re8 9. Bd3 h6 10. Bh4 b5 11. O-O-O Na6 12. Rhg1 Nb4 13. Qd2 Nxd3+ 14. Qxd3 Bg4
15. Ne2 g5 16. Bg3 Ne4 17. Bxd6 Qxd6 18. Rdf1 Bf5 19. g4 Bh7 20. Qa3 c5 21.
dxc5 Nxc5 22. Ned4 b4 23. Qa5 Rec8 24. Kd1 Nd3 25. Ke2 Nxb2 26. Rc1 Bd3+ 27.
Kd2 Nc4+ 28. Rxc4 dxc4 29. h4 Be4 30. Kc1 Rc5 31. Qa4 b3 32. hxg5 Bxf3 33. Nxf3
Qd3 34. Nd4 b2+ 35. Kxb2 Rb8+ 0-1

[Event "4NCL 3 North pool C"]
[Site "Crewe, ENG"]
[Date "2016.05.01"]
[Round "10.60"]
[White "Flores, Marcial"]
[Black "Bak, Andrew"]
[Result "0-1"]
[WhiteElo "2087"]
[BlackElo "2017"]
[PlyCount "86"]
[EventDate "2016.05.01"]
[WhiteTeam "Manchester Manticores 1"]
[BlackTeam "Bradford DCA Knights A"]

1. Nf3 Nf6 2. g3 g6 3. Bg2 Bg7 4. O-O O-O 5. c4 d6 6. Nc3 e5 7. d3 c6 8. Qc2 a5
9. b3 Nh5 10. Bb2 f5 11. e3 f4 12. exf4 exf4 13. Ne4 Na6 14. Bxg7 Nxg7 15. Rae1
d5 16. cxd5 Nb4 17. Qd2 Qxd5 18. d4 Qh5 19. gxf4 Nd5 20. Ng3 Qg4 21. Re4 Nf6
22. Re7 Nd5 23. Ne5 Qxf4 24. Bxd5+ cxd5 25. Qxf4 Rxf4 26. Rc1 Bh3 27. Rxb7 Ne6
28. Nc6 Raf8 29. Rc2 Nxd4 30. Nxd4 Rxd4 31. Rc1 Rd2 32. Nh1 Rxa2 33. Rb5 Rd8
34. Ng3 d4 35. Ne4 d3 36. Rd1 Re2 37. Nc3 Rc2 38. Rd5 Rxd5 39. Nxd5 d2 40. Ne3
Rc1 41. f3 Bf5 42. Kf2 Rxd1 43. Nxd1 Bc2 0-1

[Event "4NCL 3 North pool C"]
[Site "Crewe, ENG"]
[Date "2016.05.01"]
[Round "10.65"]
[White "Polaczek, Richard"]
[Black "Berry, Neil"]
[Result "1/2-1/2"]
[WhiteElo "2414"]
[BlackElo "2351"]
[PlyCount "43"]
[EventDate "2016.05.01"]
[WhiteTeam "Broadland Bitterns"]
[BlackTeam "Alba"]

1. d4 d5 2. Nf3 Nf6 3. c4 dxc4 4. e3 Bg4 5. Bxc4 e6 6. h3 Bh5 7. Nc3 Nc6 8. Bb5
Bd6 9. e4 Nd7 10. Be3 O-O 11. Be2 Nb6 12. O-O Qd7 13. a3 f5 14. d5 exd5 15.
Bxb6 fxe4 16. Qxd5+ Bf7 17. Qxe4 Rae8 18. Qc2 Bg6 19. Qb3+ Bf7 20. Qc2 Bg6 21.
Qb3+ Bf7 22. Qc2 1/2-1/2

[Event "4NCL 3 North pool C"]
[Site "Crewe, ENG"]
[Date "2016.05.01"]
[Round "10.66"]
[White "MacQueen, Calum"]
[Black "Moore, Gerald"]
[Result "1-0"]
[WhiteElo "2253"]
[BlackElo "2100"]
[PlyCount "71"]
[EventDate "2016.05.01"]
[WhiteTeam "Alba"]
[BlackTeam "Broadland Bitterns"]

1. d4 g6 2. c4 Bg7 3. e4 d6 4. Nc3 Nf6 5. Nf3 O-O 6. h3 e5 7. d5 a5 8. Bg5 Na6
9. g4 Qe8 10. Be2 Nd7 11. a3 f5 12. gxf5 gxf5 13. Nh4 Nf6 14. exf5 e4 15. Nb5
Qe5 16. Qd4 Ne8 17. Qxe5 Bxe5 18. Rg1 Ng7 19. O-O-O Bxf5 20. Nxf5 Rxf5 21. Be3
Kh8 22. Rg4 Raf8 23. Rxe4 Bf4 24. Rg1 Bxe3+ 25. fxe3 Re8 26. Rxe8+ Nxe8 27. Bg4
Rf2 28. Be6 Nf6 29. Rg5 Nc5 30. Nxc7 Nd3+ 31. Kb1 h6 32. Rf5 Rxb2+ 33. Ka1 Ne4
34. Ne8 Nc3 35. Rf8+ Kh7 36. Bf5# 1-0

[Event "4NCL 3 North pool C"]
[Site "Crewe, ENG"]
[Date "2016.05.01"]
[Round "10.67"]
[White "Hughes, Roy"]
[Black "Burnett, Andrew"]
[Result "0-1"]
[WhiteElo "2117"]
[BlackElo "2205"]
[PlyCount "58"]
[EventDate "2016.05.01"]
[WhiteTeam "Broadland Bitterns"]
[BlackTeam "Alba"]

1. d4 g6 2. c4 Nf6 3. Nc3 Bg7 4. Bf4 O-O 5. e3 d5 6. Nf3 c5 7. Be2 Nc6 8. O-O
cxd4 9. exd4 Bg4 10. Be3 dxc4 11. Bxc4 Bxf3 12. Qxf3 e5 13. d5 Nd4 14. Bxd4
exd4 15. Ne4 Nd7 16. Rac1 f5 17. Nd6 Ne5 18. Qa3 f4 19. f3 d3 20. Bb3 Qb6+ 21.
Kh1 d2 22. Rcd1 Nd3 23. Ne4 Bxb2 24. Qe7 Rae8 25. Qh4 Rxe4 26. fxe4 Bf6 27. Qg4
Nf2+ 28. Rxf2 Qxf2 29. e5 Qe1+ 0-1

[Event "4NCL 3 North pool C"]
[Site "Crewe, ENG"]
[Date "2016.05.01"]
[Round "10.68"]
[White "Findlay David John"]
[Black "Freeland, Alex"]
[Result "1-0"]
[WhiteElo "2155"]
[BlackElo "2065"]
[PlyCount "69"]
[EventDate "2016.05.01"]
[WhiteTeam "Alba"]
[BlackTeam "Broadland Bitterns"]

1. e4 c5 2. Nf3 d6 3. d4 cxd4 4. Nxd4 Nf6 5. Nc3 g6 6. g3 Bg7 7. Bg2 O-O 8. O-O
Nc6 9. Nde2 Be6 10. h3 Rc8 11. Nd5 Qd7 12. Kh2 Ne5 13. a4 Nc4 14. Ra2 Nb6 15.
b3 Nbxd5 16. exd5 Bf5 17. c4 h5 18. Bb2 e5 19. dxe6 fxe6 20. Nf4 e5 21. Nd5 Ne4
22. Bc1 Nc5 23. Be3 Rf7 24. b4 Bd3 25. bxc5 Bxc4 26. Rd2 Bxf1 27. Bxf1 Rcf8 28.
Nc3 Rf6 29. Ne4 Rf3 30. Bg2 R3f7 31. Nxd6 Re7 32. Bd5+ Kh8 33. Bxb7 Qc7 34. Be4
Re6 35. Bxg6 1-0

[Event "4NCL 3 North pool C"]
[Site "Crewe, ENG"]
[Date "2016.05.01"]
[Round "10.69"]
[White "Bin-Suhayl, Ieysaa"]
[Black "Green, Andrew D"]
[Result "0-1"]
[WhiteElo "1975"]
[BlackElo "2153"]
[PlyCount "130"]
[EventDate "2016.05.01"]
[WhiteTeam "Broadland Bitterns"]
[BlackTeam "Alba"]

1. Nf3 Nf6 2. c4 b6 3. g3 Bb7 4. Bg2 g6 5. O-O Bg7 6. d4 O-O 7. Nc3 Ne4 8. Nxe4
Bxe4 9. Be3 c5 10. Qd2 d6 11. Bh6 Nd7 12. Bxg7 Kxg7 13. Rfd1 Nf6 14. Rac1 Qc7
15. Qc3 Rfe8 16. Ne1 Bxg2 17. Nxg2 cxd4 18. Qxd4 Qc5 19. Ne3 Qxd4 20. Rxd4 Rac8
21. Rdd1 Rc7 22. Nd5 Nxd5 23. Rxd5 Rec8 24. b3 Rc5 25. Rcd1 f5 26. Kg2 Kf6 27.
f4 h6 28. Kf3 g5 29. e4 fxe4+ 30. Kxe4 gxf4 31. Kxf4 Rf8 32. Rxc5 bxc5 33. Ke4
Ke6 34. Rd2 a5 35. Rb2 a4 36. Rc2 Rb8 37. Rc3 Rb4 38. Kf4 d5 39. Kg4 d4 40. Rf3
Ke5 41. Rf5+ Ke4 42. Rxc5 axb3 43. axb3 Rxb3 44. Kh5 d3 45. Rd5 Rc3 46. Rd7 e5
47. Kxh6 Rxc4 48. g4 Rd4 49. Ra7 d2 50. Ra1 d1=Q 51. Rxd1 Rxd1 52. h4 Rh1 53.
h5 Kf4 54. g5 Kg4 55. g6 Rxh5+ 56. Kg7 Rg5 57. Kf7 e4 58. g7 e3 59. g8=Q Rxg8
60. Kxg8 e2 61. Kh7 e1=Q 62. Kh8 Qe7 63. Kg8 Kg5 64. Kh8 Kg6 65. Kg8 Qg7# 0-1

[Event "4NCL 3 North pool C"]
[Site "Crewe, ENG"]
[Date "2016.05.01"]
[Round "10.70"]
[White "Minnican, Alan"]
[Black "Badger, Paul"]
[Result "1/2-1/2"]
[WhiteElo "2135"]
[BlackElo "1873"]
[PlyCount "96"]
[EventDate "2016.05.01"]
[WhiteTeam "Alba"]
[BlackTeam "Broadland Bitterns"]

1. e4 c5 2. a3 d6 3. b4 cxb4 4. axb4 Nf6 5. Nc3 g6 6. g3 Bg7 7. Rb1 O-O 8. Bg2
Nbd7 9. Nge2 Rb8 10. O-O e6 11. d3 b6 12. Nb5 Ne8 13. Nxa7 Bb7 14. Nb5 Ne5 15.
h3 Qd7 16. c4 d5 17. Na3 dxc4 18. dxc4 Rd8 19. Qxd7 Rxd7 20. Be3 Rd3 21. Bc1
Nf3+ 22. Kh1 Bxe4 23. Nf4 Rc3 24. Bb2 Bxb1 25. Bxc3 Be4 26. Rc1 Ng5 27. Nb5
Bxg2+ 28. Kxg2 Ne4 29. Bxg7 Nxg7 30. f3 Nf6 31. c5 bxc5 32. bxc5 Rc8 33. Nd3
Nf5 34. Kf2 Nd5 35. g4 Nfe7 36. Ne5 Rb8 37. Nd6 Rb2+ 38. Kg3 f6 39. Nd3 Rd2 40.
Nf2 Nc6 41. Nfe4 Ra2 42. h4 Nd4 43. Rc4 Ne2+ 44. Kf2 Nef4+ 45. Kg1 Ra1+ 46. Kh2
Ra2+ 47. Kh1 Ra1+ 48. Kh2 Ra2+ 1/2-1/2

[Event "4NCL 3 North pool C"]
[Site "Crewe, ENG"]
[Date "2016.05.01"]
[Round "10.76"]
[White "Robertson, David J"]
[Black "Clarke, Stuart W"]
[Result "0-1"]
[WhiteElo "2102"]
[BlackElo "2065"]
[PlyCount "72"]
[EventDate "2016.05.01"]
[WhiteTeam "Spirit of Atticus B"]
[BlackTeam "3Cs 2"]

1. e4 e6 2. d4 d5 3. Nc3 Bb4 4. e5 c5 5. a3 Bxc3+ 6. bxc3 Ne7 7. Qg4 cxd4 8.
Qh3 Rg8 9. Qxh7 Qc7 10. Ne2 Nbc6 11. f4 dxc3 12. Qd3 d4 13. Nxd4 Nxd4 14. Qxd4
Bd7 15. Rb1 Nf5 16. Qf2 Qc6 17. Rb4 Qd5 18. Rg1 Bc6 19. Bd3 O-O-O 20. Rc4 Kb8
21. Rxc3 Nh4 22. Be2 Nxg2+ 23. Kf1 Qd1+ 24. Bxd1 Rxd1+ 25. Ke2 Rxg1 26. Bd2
Bb5+ 27. Rd3 Ne1 28. Qc5 Nxd3 29. Qxb5 Nc1+ 30. Ke3 Rd8 31. Bb4 Rg2 32. Bd6+
Ka8 33. c4 Rh8 34. Qd7 Rh3+ 35. Kd4 Nb3+ 36. Ke4 Re2# 0-1

[Event "4NCL 3 North pool C"]
[Site "Crewe, ENG"]
[Date "2016.05.01"]
[Round "10.77"]
[White "Adams, Philip"]
[Black "Buckley, Colm"]
[Result "1/2-1/2"]
[WhiteElo "2050"]
[BlackElo "2020"]
[PlyCount "56"]
[EventDate "2016.05.01"]
[WhiteTeam "3Cs 2"]
[BlackTeam "Spirit of Atticus B"]

1. Nf3 d5 2. g3 Nf6 3. Bg2 g6 4. b3 Bg7 5. Bb2 c6 6. O-O O-O 7. d3 Na6 8. Nbd2
Bf5 9. c4 dxc4 10. Nxc4 Qc8 11. Re1 Rd8 12. a3 Bh3 13. Bh1 Nc7 14. Qc2 Ncd5 15.
Nce5 Be6 16. Ng5 h6 17. Nxe6 Qxe6 18. Rac1 h5 19. Nf3 Nb6 20. Bg2 Ng4 21. Bxg7
Kxg7 22. Qb2+ Qf6 23. Qxf6+ Nxf6 24. Rc5 Rd5 25. Rec1 Rad8 26. Ne5 Rxc5 27.
Rxc5 Nfd7 28. Nxd7 Rxd7 1/2-1/2

[Event "4NCL 3 North pool C"]
[Site "Crewe, ENG"]
[Date "2016.05.01"]
[Round "10.78"]
[White "Johnson, Michael D"]
[Black "Burke, Mitchell R"]
[Result "1/2-1/2"]
[WhiteElo "2035"]
[BlackElo "2050"]
[PlyCount "77"]
[EventDate "2016.05.01"]
[WhiteTeam "Spirit of Atticus B"]
[BlackTeam "3Cs 2"]

1. Nf3 Nf6 2. g3 g6 3. Bg2 Bg7 4. O-O O-O 5. d4 d6 6. c4 Nbd7 7. Nc3 e5 8. dxe5
dxe5 9. Bg5 h6 10. Bxf6 Qxf6 11. Nd2 c6 12. Nde4 Qe6 13. Qd6 Qxc4 14. Rac1 Qd4
15. Qe7 Qb6 16. Rfd1 Qd8 17. Qd6 Qe8 18. Qc7 Qd8 19. Qd6 Qe8 20. Qb4 a5 21. Qb3
Qe7 22. Na4 Nf6 23. Nec5 Rb8 24. Qb6 Bg4 25. Rd2 h5 26. Qxa5 Bh6 27. e3 e4 28.
Nb6 Rfd8 29. h3 Rxd2 30. Qxd2 Rd8 31. Qc2 Bf5 32. b4 Bf8 33. Rd1 Rxd1+ 34. Qxd1
Qc7 35. Na8 Qc8 36. Nb6 Qc7 37. Na8 Qc8 38. Nb6 Qc7 39. Na8 1/2-1/2

[Event "4NCL 3 North pool C"]
[Site "Crewe, ENG"]
[Date "2016.05.01"]
[Round "10.79"]
[White "Burton, Graham P"]
[Black "Phillips, David A"]
[Result "1/2-1/2"]
[WhiteElo "1987"]
[BlackElo "2005"]
[PlyCount "133"]
[EventDate "2016.05.01"]
[WhiteTeam "3Cs 2"]
[BlackTeam "Spirit of Atticus B"]

1. e4 Nc6 2. Nf3 d6 3. d4 Nf6 4. Nc3 g6 5. Be2 Bg7 6. O-O O-O 7. Be3 a6 8. d5
Nb8 9. a4 c5 10. h3 Nbd7 11. Qd2 Rb8 12. Bh6 b5 13. Bxg7 Kxg7 14. axb5 axb5 15.
Nxb5 Nxe4 16. Qe3 Nef6 17. c4 Nb6 18. Rfd1 Bd7 19. Na7 Re8 20. Bf1 Nc8 21. Qc3
Qb6 22. Nb5 Bxb5 23. cxb5 Na7 24. b4 Nxb5 25. Bxb5 cxb4 26. Qxb4 Qxb5 27. Qd4
Qb4 28. Ra7 Qxd4 29. Nxd4 Ra8 30. Rb7 Ra5 31. Nb5 Ra2 32. Nc7 Rc8 33. Re1 Ng8
34. Rc1 Kf6 35. Rc3 Ra5 36. Rf3+ Kg7 37. Rc3 Rc5 38. Rxc5 dxc5 39. Nb5 c4 40.
d6 exd6 41. Nxd6 Rc6 42. Rxf7+ Kh6 43. Ne4 c3 44. g4 g5 45. Nxc3 Rxc3 46. Kg2
Kg6 47. Ra7 Nf6 48. Ra6 Rc4 49. Kg3 Rd4 50. f3 Rd3 51. Rb6 Kf7 52. Rb7+ Nd7 53.
Rb5 Kg6 54. Ra5 Rc3 55. Ra6+ Kf7 56. Ra7 Ke6 57. Ra6+ Ke7 58. Ra5 Rc5 59. Rxc5
Nxc5 60. f4 Kf6 61. fxg5+ Kxg5 62. h4+ Kg6 63. Kf4 Ne6+ 64. Ke5 Ng7 65. Kf4 Kf6
66. Ke4 h6 67. g5+ 1/2-1/2

[Event "4NCL 3 North pool C"]
[Site "Crewe, ENG"]
[Date "2016.05.01"]
[Round "10.80"]
[White "McDonagh, Michael"]
[Black "McLean, Robert"]
[Result "1/2-1/2"]
[WhiteElo "1960"]
[BlackElo "1828"]
[PlyCount "201"]
[EventDate "2016.05.01"]
[WhiteTeam "Spirit of Atticus B"]
[BlackTeam "3Cs 2"]

1. b4 e6 2. Bb2 Nf6 3. b5 d5 4. e3 Bd6 5. Nf3 O-O 6. Be2 Nbd7 7. d4 Re8 8. O-O
c6 9. a4 Qc7 10. Nbd2 e5 11. dxe5 Nxe5 12. h3 Bf5 13. c4 dxc4 14. Nxc4 Nxc4 15.
Bxc4 Rad8 16. Qb3 Ne4 17. Rac1 Bg6 18. Rfd1 Nc5 19. Qc3 Bf8 20. Rxd8 Rxd8 21.
Ra1 Ne4 22. Qe1 cxb5 23. Bxb5 Qc2 24. Bd4 Rc8 25. Ne5 Bb4 26. Qe2 Qxe2 27. Bxe2
Ba5 28. Nxg6 hxg6 29. Bd3 Nd6 30. Bxa7 b6 31. Rb1 Nc4 32. Bxc4 Rxc4 33. Bxb6
Bxb6 34. Rxb6 Rxa4 35. Rb8+ Kh7 36. g4 g5 37. Kg2 Kg6 38. Kg3 Ra1 39. Rb5 Rg1+
40. Kh2 Ra1 41. Kg2 Ra4 42. Kg3 f6 43. Rb3 Rc4 44. f4 Rc1 45. f5+ Kh7 46. Kf2
Rc2+ 47. Ke1 Kg8 48. e4 Kf8 49. Kf1 Ke7 50. Rb7+ Kf8 51. Rb5 Rh2 52. e5 fxe5
53. Rxe5 Rxh3 54. Kg2 Rc3 55. Re6 Kf7 56. Rg6 Rc2+ 57. Kf1 Ra2 58. Rxg5 Rb2 59.
Rg6 Ra2 60. Ke1 Rg2 61. Kf1 Ra2 62. Kg1 Rb2 63. Kh1 Ra2 64. Rg5 Rb2 65. Rh5 Kf6
66. Rh8 Rb4 67. Rf8+ Ke7 68. Ra8 Rxg4 69. Kh2 Rf4 70. Kg3 Rxf5 71. Kg4 Rd5 72.
Ra6 Rd6 73. Ra5 Ke6 74. Kg5 Kf7 75. Ra7+ Kg8 76. Ra8+ Kh7 77. Ra7 Rd5+ 78. Kg4
Kh6 79. Ra6+ g6 80. Rb6 Rd4+ 81. Kg3 Kh5 82. Rb5+ g5 83. Rb8 Rd3+ 84. Kg2 Kh4
85. Rh8+ Kg4 86. Rg8 Rd2+ 87. Kg1 Kf4 88. Ra8 g4 89. Ra4+ Kg3 90. Ra3+ Kh4 91.
Ra8 Kh3 92. Ra1 g3 93. Rb1 Re2 94. Ra1 Re3 95. Rb1 Kg4 96. Rb8 Kf3 97. Rf8+ Ke2
98. Kg2 Ke1 99. Rf3 Rxf3 100. Kxf3 g2 101. Kxg2 1/2-1/2

[Event "4NCL 3 North pool C"]
[Site "Crewe, ENG"]
[Date "2016.05.01"]
[Round "10.85"]
[White "Wallace, Paul"]
[Black "Mulleady, Peter J"]
[Result "1-0"]
[WhiteElo "2240"]
[BlackElo "2042"]
[PlyCount "105"]
[EventDate "2016.05.01"]
[WhiteTeam "Cheddleton 2"]
[BlackTeam "Manchester Manticores 2"]

1. e4 Nf6 2. e5 Nd5 3. d4 d6 4. Nf3 g6 5. Bc4 c6 6. O-O Bg7 7. Nbd2 dxe5 8.
Nxe5 O-O 9. Ndf3 Nd7 10. c3 Nxe5 11. Nxe5 Be6 12. Qe2 Qd6 13. Re1 Nb6 14. Bd3
Rae8 15. Bf4 Qd8 16. Rad1 Qc8 17. Bc2 c5 18. dxc5 Qxc5 19. Nd3 Qb5 20. Be5 Bxe5
21. Qxe5 Qxe5 22. Nxe5 Rd8 23. Be4 Bd5 24. Bxd5 Nxd5 25. c4 Nf6 26. f3 Rxd1 27.
Rxd1 Rc8 28. b3 Kf8 29. g4 g5 30. a4 Ke8 31. Kf2 Rc5 32. Nd3 Rc7 33. Ke3 Rd7
34. h4 h6 35. hxg5 hxg5 36. Rh1 Rd6 37. Nc5 Nd7 38. Rh8+ Nf8 39. Nxb7 Re6+ 40.
Kf2 Rb6 41. Nc5 Rd6 42. a5 f6 43. Ke3 Kf7 44. b4 Rd1 45. Nd3 Ra1 46. c5 Ra3 47.
Kd4 Ne6+ 48. Kc4 a6 49. Ra8 Nf4 50. Nxf4 gxf4 51. c6 Ra1 52. Kc5 e5 53. c7 1-0

[Event "4NCL 3 North pool C"]
[Site "Crewe, ENG"]
[Date "2016.05.01"]
[Round "10.86"]
[White "Whitehead, Mark A"]
[Black "Acey, Gerald"]
[Result "0-1"]
[WhiteElo "1975"]
[BlackElo "2103"]
[PlyCount "58"]
[EventDate "2016.05.01"]
[WhiteTeam "Manchester Manticores 2"]
[BlackTeam "Cheddleton 2"]

1. e4 e5 2. Nf3 Nc6 3. Bb5 a6 4. Ba4 Nf6 5. O-O Be7 6. Re1 b5 7. Bb3 d6 8. c3
O-O 9. h3 Nb8 10. d4 Nbd7 11. Nbd2 Bb7 12. Bc2 Re8 13. Nf1 Bf8 14. Ng3 g6 15.
d5 c6 16. dxc6 Bxc6 17. a4 Qc7 18. Bg5 Bg7 19. Nd2 Nc5 20. Qf3 Qe7 21. a5 Ne6
22. Be3 Rac8 23. Nb3 Qb7 24. Nd2 d5 25. Bb6 d4 26. Nb3 Nd7 27. Qg4 Nxb6 28.
axb6 Qxb6 29. Nf5 Bd7 0-1

[Event "4NCL 3 North pool C"]
[Site "Crewe, ENG"]
[Date "2016.05.01"]
[Round "10.87"]
[White "Richardson, Alex"]
[Black "Lyth, John D"]
[Result "1/2-1/2"]
[WhiteElo "2123"]
[BlackElo "1982"]
[PlyCount "58"]
[EventDate "2016.05.01"]
[WhiteTeam "Cheddleton 2"]
[BlackTeam "Manchester Manticores 2"]

1. c4 c6 2. Nf3 d5 3. e3 g6 4. d4 Bg7 5. Nc3 Nf6 6. Be2 O-O 7. O-O b6 8. Qb3 e6
9. Rd1 Nbd7 10. Bd2 Bb7 11. Rac1 c5 12. cxd5 Nxd5 13. e4 Nxc3 14. Bxc3 cxd4 15.
Bxd4 Bxe4 16. Bc4 Bxf3 17. Qxf3 Bxd4 18. Rxd4 Qg5 19. Qd1 Rad8 20. h4 Qe7 21.
Qe2 Nf6 22. Rcd1 Rxd4 23. Rxd4 Rd8 24. Qd2 Rxd4 25. Qxd4 Nd5 26. g3 Qf6 27. Qd2
Qe5 28. Bf1 Kg7 29. Bg2 h5 1/2-1/2

[Event "4NCL 3 North pool C"]
[Site "Crewe, ENG"]
[Date "2016.05.01"]
[Round "10.88"]
[White "Webster, Richard J"]
[Black "Edwards, Simon R"]
[Result "1/2-1/2"]
[WhiteElo "1997"]
[BlackElo "2020"]
[PlyCount "50"]
[EventDate "2016.05.01"]
[WhiteTeam "Manchester Manticores 2"]
[BlackTeam "Cheddleton 2"]

1. Nf3 c5 2. c4 g6 3. d4 cxd4 4. Nxd4 Bg7 5. g3 Nc6 6. Nc2 Nf6 7. Nc3 h5 8. h3
d6 9. Bg2 Be6 10. b3 Qd7 11. Bb2 O-O 12. Nd5 Ne8 13. Bxg7 Nxg7 14. Nf4 Rad8 15.
Nxe6 Nxe6 16. O-O h4 17. e3 hxg3 18. fxg3 Ne5 19. Qd5 b6 20. Qb7 Qxb7 21. Bxb7
Ng5 22. Bg2 Kg7 23. Nd4 Rh8 24. h4 Nh7 25. Nc6 Nxc6 1/2-1/2

[Event "4NCL 3 North pool C"]
[Site "Crewe, ENG"]
[Date "2016.05.01"]
[Round "10.89"]
[White "Davison, Colin F S"]
[Black "Reed, John"]
[Result "1/2-1/2"]
[WhiteElo "1982"]
[BlackElo "2035"]
[PlyCount "77"]
[EventDate "2016.05.01"]
[WhiteTeam "Cheddleton 2"]
[BlackTeam "Manchester Manticores 2"]

1. e4 e5 2. Nf3 Nc6 3. Bb5 a6 4. Ba4 d6 5. c3 Bd7 6. O-O Nf6 7. Re1 g6 8. d3
Bg7 9. Nbd2 O-O 10. Nf1 Re8 11. Bg5 h6 12. Be3 b5 13. Bc2 Na5 14. h3 c5 15. Qe2
Qc7 16. Ng3 d5 17. exd5 Nxd5 18. Ne4 Nxe3 19. fxe3 Nb7 20. Qf2 Bc6 21. Nfd2 Qe7
22. Rf1 f5 23. Ng3 Bf8 24. Rae1 Rac8 25. Qe2 Nd6 26. e4 f4 27. Nh1 Bd7 28. Nf2
Nf7 29. Ra1 Qh4 30. a4 Ng5 31. Nf3 Nxf3+ 32. Qxf3 b4 33. a5 g5 34. Ba4 Rcd8 35.
Bxd7 Rxd7 36. cxb4 cxb4 37. Rac1 h5 38. Rc6 Bd6 39. Rfc1 1/2-1/2

[Event "4NCL 3 North pool C"]
[Site "Crewe, ENG"]
[Date "2016.05.01"]
[Round "10.90"]
[White "Jaques, Andrew"]
[Black "Boswell, Jacob Connor"]
[Result "1/2-1/2"]
[WhiteElo "1975"]
[BlackElo "1840"]
[PlyCount "85"]
[EventDate "2016.05.01"]
[WhiteTeam "Manchester Manticores 2"]
[BlackTeam "Cheddleton 2"]

1. e4 e5 2. d4 exd4 3. Qxd4 Nc6 4. Qa4 Bc5 5. Nf3 d6 6. Nc3 Nf6 7. Bg5 h6 8.
Bh4 g5 9. Bg3 Bd7 10. Bb5 a6 11. Bxc6 Bxc6 12. Qc4 Nh5 13. O-O-O Nxg3 14. fxg3
b5 15. Qd3 g4 16. Nd4 Qg5+ 17. Kb1 Bd7 18. Nd5 O-O-O 19. Rhf1 Be6 20. Nc6 Rde8
21. b4 Bxd5 22. exd5 Re3 23. Qf5+ Qxf5 24. Rxf5 Bb6 25. Rxf7 Rhe8 26. Rdf1 a5
27. bxa5 Bc5 28. Rf8 Kb7 29. Rxe8 Rxe8 30. c3 Re3 31. Kc2 Re2+ 32. Kb3 Rxg2 33.
a4 Ka6 34. axb5+ Kxb5 35. Rf8 Ka6 36. Kc4 Rxh2 37. Ra8+ Kb7 38. Rb8+ Ka6 39.
Rb5 Re2 40. Nb8+ Ka7 41. Nc6+ Ka6 42. Nb8+ Ka7 43. Nc6+ 1/2-1/2